[Event "ICA Sumr Classic (Open)"]
[Site "Boise, ID"]
[Date "2012.07.14"]
[Round "2.7"]
[White "Nahlen, John P"]
[Black "McGarvey, James H"]
[Result "1-0"]
[WhiteElo "1601"]
[BlackElo "1600"]

{Note by John Nahlen.} 1. e4 c5 2. f4 Nc6 3. Nf3 d6 4. Bc4 e6 5. Nc3 Nf6 6.
O-O Be7 7. e5 {When I made this move, I did not see that after 7... dxe5 8.
fxe5 Nxe5 9. Nxe5 Qd4+ I am down at least two pawns. So, I unintentionally
hung a piece right off the bat, but I did get some decent counter play as will
be seen later.} dxe5 8. d3 {8. d3 later renders the c4 bishop ineffective. You
will see that this comes to be a real pain to me later in the game.} exf4 9.
Bxf4 {Developing my position while creating a semi-open 'f' file.} a6 10. a4
O-O 11. Kh1 b6 12. Ng5 h6 {I deliberately played 12. Ng5 in hopes he would
play 12... h6, and I would play 13. Nge4. My idea was to start attacking the
kingside by getting as many pieces to the king side as possible.} 13. Nge4 Bb7
14. Qd2 g5 {While I played 15. Nxg5, at first I was evaluating 15. Bxg5, which
looked stronger. However, after 15. Bxg5 Nxe4!, black attacks my queen on d2,
while also twice attacking my g5 bishop. One line may have continued: 16. Bxe7
Nxd2 17. Bxd8 Nxf1, and black is significantly up material. Another
possibility after 15... Nxe4:16. Nxe4 Bxg5, and black wins a free bishop and
gains/maintains tempo.} 15. Nxg5 hxg5 16. Bxg5 Nh7 {I was n ot expecting this
move, however it seems to be a good one. My initial plan was to play 17. Bh6,
presuming his knight would not move, then attacking the f8 rook and gaining a
tempo, with the idea of 18. Qg5+! after 17... Re8. However 17... Bg5! forking
the queen and bishop rendered any such attack ineffective. I decided I needed
to keep my bishop in order to maintain my attack, thus 17. Be3. Obviously
17... Bg5 could still be played, and may still be strong, but gains no tempo.}
17. Be3 Nd4 18. Rf4 {This was played with the idea of 19. Rg4+ followed by 20.
Bh6. } Kh8 19. Raf1 {Attempting to double up on f7.} Rg8 {Threatening 20...
Bxg2+, forking king and rook. Also threatens a possible windmill tactic.} 20.
R1f2 Nf5 {Misses an oppertunity to play 20... Bh4! which traps the f2 rook.
Remember the g2 pawn is pinned by black's fianchettoed bishop on b7. If 21.
Re2 Nxe2; if 21. Rf1 Bxg2+ wins rook or queen and is very dangerous for
white.} 21. Ne4 Nxe3 22. Qxe3 Bg5 23. Nxg5 Qxg5 24. Qh3 Rg7 25. d4 {This may
seem like a strange move to some. My idea is 26. Rxf7, so let's examine what
happens if I had not played 25. d4 first: 25. Rxf7 Rxf7 26. Rxf7 Qc1+ with
mate in one after 27. Rf1. Moving 25. d4 allows the c4 bishop to also cover
f1.} cxd4 26. Rxf7 Rxf7 27. Rxf7 Be4 28. Bd3 {This move creates an X-Ray on
the e4-h7 diagonal. How I thought it would work was 28. Bd3 Bxd3 29. Qxd3,
with the d3 queen still covering f1 in case the rook needs to move back to
prevent a back-rank mate. Instead, with 28... Bf5, he walks right into the
X-Ray and gives me a free piece. However, it looked very dangerous for me
(white), as he would either pick up my queen or I'd be checkmated with the Qc1
move again (Bf5 blocked my rook from coming back to protect the back rank).}
Bf5 29. Rxh7+ {Executing the X-Ray tactic. My next moves were forced to once
again prevent Qc1 or losing a rook.} Kg8 30. Qh6 Qg4 31. Rh8+ Kf7 32. Qh5+
Qxh5 33. Rxh5 {Now that the queens are off the board, no longer any need to
prevent Qc1. Thanks to the X-Ray tactic played a few moves back to pick up a
free knight, I am now in good shape, and even a pawn ahead.} Bg6 {I'm frankly
shocked at this move, 33... Bg6 instead of 33... Bxd3 34. cxd3 Rc8,
threatening mate or a quick road into my rank of pawns.} 34. Rh3 e5 {34... e5
is a MAJOR mistake here because of 35. Rf3+; black must move, and if he moves
away from the bishop I simply capture it with my bishop. After Kg7, Rg3 wins a
bishop.} 35. Rf3+ Kg7 36. Rg3 e4 37. Bxe4 Re8 38. Rxg6+ Kf7 39. Rg4 {Black
resigned here, two pawns and a bishop down. Time control was G/120 WITH 5
second delay. Final clock times were as follows: White 14:48 Black 37:19. The
fact that he was drinking a Double Strength, Double Size Rockstar energy drink
probably didn't help things!} {#r} 1-0

[Event "ICA Sumr Classic (Open)"]
[Site "Boise, ID"]
[Date "2012.07.14"]
[Round "3.2"]
[White "Nahlen, John P"]
[Black "Kircher, Caleb Paul"]
[Result "0-1"]
[WhiteElo "1601"]
[BlackElo "1788"]

1. e4 d5 2. exd5 Nf6 3. d4 Nxd5 4. c4 Nb6 5. Nf3 Bg4 6. Nc3 e6 7. a3 Nc6 8.
Be3 Be7 9. Be2 O-O 10. h3 Bxf3 11. Bxf3 Nxc4 12. Bxc6 Nxe3 13. fxe3 Bh4+ 14.
Ke2 bxc6 15. Ne4 Qd5 16. Qc2 f5 17. Nc5 Qxg2+ 18. Kd3 Qd5 19. Rag1 e5 20. Rg2
Bf6 21. Qc4 Qxc4+ 22. Kxc4 exd4 23. exd4 Kf7 24. h4 Rad8 25. Nb3 Rd5 26. h5
Rfd8 27. Rd1 g5 28. hxg6+ hxg6 29. Rh2 Rh8 30. Nc5 Rxh2 31. b4 Rh4 32. Nb3 Re4
33. a4 f4 34. b5 f3 35. bxc6 Rdxd4+ 36. Nxd4 Rxd4+ 37. Rxd4 Bxd4 38. Kd3 f2
39. Ke2 Ke6 40. Kf1 Kd6 41. Ke2 Kxc6 42. Kf1 Kd5 43. Ke2 c5 44. Kf1 c4 45. Ke2
c3 46. a5 c2 47. a6 c1=Q 48. Kf3 f1=R+ 49. Kg4 Qd1+ 50. Kh4 Bf6+ 51. Kh3 Qf3+
52. Kh2 Rh1# 0-1

[Event "ICA Sumr Classic (Open)"]
[Site "Boise, ID"]
[Date "2012.07.14"]
[Round "3.3"]
[White "Bruck, Nick Jon"]
[Black "Roland, Jeffrey T"]
[Result "1-0"]
[WhiteElo "1456"]
[BlackElo "1700"]

1. e4 e6 2. d4 d5 3. e5 c5 4. c3 Nc6 5. Nf3 Bd7 6. Be3 Qb6 7. b3 cxd4 8. Nxd4
Bc5 9. Be2 Nxe5 10. b4 Be7 11. Nf5 Qd8 12. Nxg7+ Kf8 13. Nh5 Nc4 14. Bxc4 dxc4
15. Qg4 Bf6 16. Bc5+ Ke8 17. Ng7+ Bxg7 18. Qxg7 Ba4 19. O-O {#r} 1-0

[Event "ICA Sumr Classic (Open)"]
[Site "Boise, ID"]
[Date "2012.07.15"]
[Round "4.1"]
[White "Niro III, Frank A"]
[Black "Morrell, Tom A"]
[Result "1/2-1/2"]
[WhiteElo "1700"]
[BlackElo "1696"]

1. e4 e6 2. d4 d5 3. Nc3 Nf6 4. e5 Nfd7 5. f4 c5 6. Nf3 Nc6 7. Bd3 a6 8. O-O
cxd4 9. Ne2 Bc5 10. a3 f6 11. exf6 Nxf6 12. b4 Ba7 13. Bb2 O-O 14. h3 Nh5 15.
Qd2 Qd6 16. Nfxd4 Nxd4 17. Bxd4 Bxd4+ 18. Nxd4 Nxf4 19. Nf3 Nxd3 20. cxd3 Bd7
21. d4 Bb5 22. Rfe1 h6 23. Ne5 Rf6 24. Re3 Raf8 25. Rae1 Rf1+ 26. Rxf1 Rxf1+
27. Kh2 Qf8 28. Rg3 Qf2 29. Qxf2 Rxf2 30. Ng4 Rd2 31. Nxh6+ Kh7 32. Ng4 Rxd4
33. Re3 Rd3 34. Rxe6 Rxa3 35. Rd6 Rb3 36. Rb6 Rxb4 37. Rxb7 Rf4 38. Kg3 Rf8
39. Rb6 Rd8 40. Kf2 d4 41. Ke1 Re8+ 42. Kd1 d3 43. Rd6 Re2 44. Rd4 Rxg2 45.
Ne5 Rg3 46. h4 Re3 47. Ng4 Re6 48. Nf2 Rc6 49. Nxd3 Rc4 50. Rxc4 Bxc4 51. Nf4
Kg8 52. Nh5 Kf7 53. Nxg7 {#d} 1/2-1/2

[Event "ICA Sumr Classic (Open)"]
[Site "Boise, ID"]
[Date "2012.07.15"]
[Round "4.2"]
[White "Kircher, Caleb Paul"]
[Black "Bruck, Nick Jon"]
[Result "0-1"]
[WhiteElo "1788"]
[BlackElo "1456"]

1. e4 e5 2. Nf3 d6 3. d4 exd4 4. Nxd4 Nf6 5. Nc3 g6 6. Be2 Bg7 7. Be3 Bd7 8.
Qd2 O-O 9. O-O-O Re8 10. f3 Nc6 11. g4 Ne5 12. h3 Bc6 13. Rhg1 Re7 14. Kb1
Ned7 15. Bh6 Bxh6 16. Qxh6 Qf8 17. Qd2 Bxe4 18. fxe4 Nxe4 19. Nxe4 Rxe4 20.
Bf3 Re5 21. Bxb7 Rb8 22. Ba6 Nc5 23. Bc4 Ne4 24. Qg2 Nc3+ 25. Ka1 Nxd1 26.
Rxd1 Qe8 27. Nf3 Re4 28. Bb3 Re2 29. Qf1 Re7 30. g5 Rb4 31. Nh2 Rbe4 32. Nf3
Rf4 33. Qg2 Re2 34. Qh1 Qe4 35. Bd5 Qxc2 36. Rb1 Rb4 37. Ne1 Qd2 38. Qf3 Qxb2+
{#R} 0-1

[Event "ICA Sumr Classic (Open)"]
[Site "Boise, ID"]
[Date "2012.07.15"]
[Round "5.2"]
[White "Bruck, Nick Jon"]
[Black "Morrell, Tom A"]
[Result "0-1"]
[WhiteElo "1456"]
[BlackElo "1696"]

1. e4 e6 2. d4 d5 3. e5 c5 4. c3 Nc6 5. Nf3 Qb6 6. Be2 Bd7 7. b3 cxd4 8. cxd4
Bb4+ 9. Bd2 Nxd4 10. Nxd4 Qxd4 11. Bxb4 Qxa1 12. Nc3 Qxd1+ 13. Bxd1 f6 14. f4
Kf7 15. Be2 a6 16. O-O Ne7 17. a4 Rhc8 18. Rf3 Nc6 19. Bd6 Nd4 20. Rd3 Rxc3
21. Rxd4 Rxb3 22. exf6 Kxf6 23. Be5+ Kf7 24. Bf3 g6 25. Rxd5 exd5 26. Bxd5+
Be6 27. Bxb3 Bxb3 28. a5 Rc8 29. Bd4 Rc2 30. h3 Bd5 31. g4 Rg2+ 32. Kf1 Ra2
33. Bb6 Bg2+ 34. Kg1 Bxh3 35. g5 Ke6 36. Kh1 Kf5 37. Bc7 Kg4 38. Kg1 Kf3 39.
Kh1 Ra1+ 40. Kh2 Bg2 41. Bb6 Rh1# 0-1

[Event "ICA Sumr Classic (Open)"]
[Site "Boise, ID"]
[Date "2012.07.15"]
[Round "5.3"]
[White "Olsoy, Peter John"]
[Black "Kircher, Caleb Paul"]
[Result "0-1"]
[WhiteElo "1696"]
[BlackElo "1788"]

1. d4 f5 2. c4 e6 3. Nf3 b6 4. Bg5 Nf6 5. Nc3 Bb4 6. Qb3 Bxc3+ 7. bxc3 O-O 8.
e3 Bb7 9. Be2 h6 10. Bxf6 Qxf6 11. O-O d6 12. d5 e5 13. Nd2 Nd7 14. Qc2 a5 15.
a4 Rae8 16. e4 f4 17. Bg4 Qe7 18. Bxd7 Qxd7 19. Qd1 Qf7 20. g4 f3 21. h3 Bc8
22. Kh1 Qf4 23. Rg1 h5 24. Rg3 hxg4 25. hxg4 Bxg4 26. Qg1 Rf6 27. Nf1 Qh6+ 28.
Qh2 Qf4 29. Qg1 Kf7 30. Rxg4 Rh8+ 31. Nh2 Rxh2+ 32. Qxh2 Qxg4 33. Rg1 Qxe4 34.
Qh5+ Kg8 35. Qe8+ Kh7 {#R} 0-1

[Event "ICA Sumr Classic (Reserve)"]
[Site "Boise, ID"]
[Date "2012.07.14"]
[Round "1.1"]
[White "Gorman, Cody Austin"]
[Black "Buus, Jarod"]
[Result "1-0"]
[WhiteElo "1290"]
[BlackElo "1050"]

1. b4 e5 2. Bb2 d6 3. e3 a6 4. c4 Nf6 5. Nf3 Bg4 6. Be2 Nbd7 7. h3 Bh5 8. d3
Be7 9. Nbd2 O-O 10. Qc2 Re8 11. Nb3 Nf8 12. a4 c6 13. O-O Ne6 14. Rfd1 h6 15.
Nbd2 Nh7 16. Nf1 Bf6 17. Ng3 Bxf3 18. Bxf3 Neg5 19. Be2 Rc8 20. d4 e4 21. d5
cxd5 22. Rxd5 Bxb2 23. Qxb2 Nf6 24. Nf5 Re6 25. Rad1 Rc6 26. c5 g6 27. Rxd6
Rcxd6 28. Nxd6 b6 29. Bc4 Rxd6 30. Rxd6 Qe7 31. Qxf6 {#r} 1-0

[Event "ICA Sumr Classic (Reserve)"]
[Site "Boise, ID"]
[Date "2012.07.14"]
[Round "1.2"]
[White "Blake, Lloyd"]
[Black "Chaney, Alethea Joy"]
[Result "1-0"]
[WhiteElo "909"]
[BlackElo "1105"]

1. e4 e5 2. Nf3 Nc6 3. d3 Nf6 4. Nc3 b6 5. a3 Bb7 6. Be3 d6 7. Be2 Ng4 8. h3
Nxe3 9. fxe3 Qd7 10. Nd5 O-O-O 11. Qd2 f6 12. O-O-O Qe6 13. Qc3 g6 14. Ng5 Qe8
15. Nxf6 Qe7 16. Bg4+ Kb8 17. Rhf1 Ka8 18. Ne6 Rb8 19. d4 a6 20. d5 Nd8 21.
Nxc7+ Ka7 22. Rd3 Nf7 23. Nd7 Rd8 24. Qc4 Rxd7 25. Bxd7 Qxd7 26. Rb3 Bh6 27.
Rb4 Bxe3+ 28. Kb1 Ng5 29. Ne6 Nxe6 30. dxe6 Qc6 31. Rf7 Qxc4 32. Rxc4 b5 33.
Rcc7 Rb8 34. e7 Bb6 35. Rxb7+ Rxb7 36. e8=Q Rxf7 37. Qxf7+ Ka8 38. Qxh7 g5 39.
g4 b4 40. axb4 a5 41. bxa5 Bxa5 42. h4 gxh4 43. g5 Bd8 44. g6 Bf6 {And at this
point, the game scores become impossible to reconcile accurately. White
appears to have checkmated Black around move 61.--Jeff Roland.} {#r} 1-0

[Event "ICA Sumr Classic (Reserve)"]
[Site "Boise, ID"]
[Date "2012.07.14"]
[Round "2.1"]
[White "Blake, Isaac R.R"]
[Black "Gorman, Cody Austin"]
[Result "0-1"]
[WhiteElo "779"]
[BlackElo "1290"]

1. e4 a6 2. d4 b5 3. Nf3 Bb7 4. Nc3 b4 5. Ne2 Bxe4 6. Bd2 e6 7. Nf4 Nf6 8. g3
d6 9. Bxb4 Nc6 10. c3 e5 11. Nd3 exd4 12. Nxd4 Bxh1 13. Qe2+ Be7 14. O-O-O
Nxb4 15. Nxb4 c5 16. Bh3 cxb4 17. Rxh1 bxc3 18. Bg2 cxb2+ 19. Qxb2 d5 20. Re1
O-O 21. Kd1 Qc7 22. Nf5 Bc5 23. Qc3 Bd6 24. Qxc7 Bxc7 25. Ne7+ Kh8 26. Nxd5
Nxd5 27. Bxd5 Rad8 {#R} 0-1

[Event "ICA Sumr Classic (Reserve)"]
[Site "Boise, ID"]
[Date "2012.07.14"]
[Round "2.2"]
[White "Patterson, Kevin R"]
[Black "Blake, Lloyd"]
[Result "1-0"]
[WhiteElo "1239"]
[BlackElo "909"]

1. e4 c5 2. d4 cxd4 3. c3 d3 4. Qxd3 e5 5. Nf3 Nc6 6. Be2 Nf6 7. Bg5 h6 8. Bh4
Be7 9. Bg3 d6 10. h3 O-O 11. Nbd2 Be6 12. O-O d5 13. Nxe5 dxe4 14. Nxe4 Qxd3
15. Bxd3 Nxe4 16. Bxe4 Nxe5 17. Bxe5 Bc8 18. Rad1 a5 19. Rfe1 Ra6 20. Bd4 Re6
21. Bf3 Re8 22. Rxe6 Bxe6 23. b3 b5 24. Re1 Rc8 25. Bd5 Bc5 26. Bxe6 fxe6 27.
Bxc5 Rxc5 28. Re3 e5 29. Kf1 Kf7 30. Ke2 Kf6 31. g3 g5 32. g4 Rd5 33. Rd3 Ke6
34. Rxd5 Kxd5 35. Ke3 e4 36. a3 Ke5 37. c4 b4 38. axb4 axb4 39. c5 Kd5 40. c6
Kxc6 41. Kxe4 Kc5 42. f3 Kd6 43. Kd4 Ke6 44. Kc4 Ke5 45. Kxb4 Kf4 46. Kc4 Kxf3
47. b4 Kg3 48. b5 Kxh3 49. b6 Kxg4 50. b7 h5 51. b8=Q h4 52. Qh2 Kh5 53. Qe2+
Kh6 54. Qg4 Kg6 55. Kd4 Kh6 56. Ke5 Kg6 57. Ke6 Kh6 58. Kf5 Kh7 59. Qxg5 Kh8
60. Kf6 Kh7 61. Qg7# 1-0

[Event "ICA Sumr Classic (Reserve)"]
[Site "Boise, ID"]
[Date "2012.07.14"]
[Round "2.3"]
[White "Chaney, Alethea Joy"]
[Black "Buus, Jarod"]
[Result "0-1"]
[WhiteElo "1105"]
[BlackElo "1050"]

1. e4 c5 2. Nc3 d6 3. d3 Nc6 4. Nf3 g6 5. g3 Bg7 6. Bd2 Nf6 7. Bg2 O-O $2 8.
O-O $2 Bg4 9. Be3 Ne5 10. h3 Nxf3+ 11. Bxf3 Be6 12. e5 dxe5 13. Bxc5 Bxh3 14.
Re1 Nd7 15. Bb4 a5 16. Ba3 f5 17. Bxb7 Rb8 18. Bd5+ Kh8 19. Qd2 f4 20. gxf4
Rxf4 21. Ne2 e6 22. Nxf4 Qg5+ 23. Kh2 exf4 24. Kxh3 exd5 25. c3 Ne5 26. Rg1
Qh5+ 27. Kg2 Qf3+ 28. Kf1 Qh3+ 29. Ke1 Nf3+ {#R} 0-1

[Event "ICA Sumr Classic (Reserve)"]
[Site "Boise, ID"]
[Date "2012.07.14"]
[Round "3.1"]
[White "Gorman, Cody Austin"]
[Black "Patterson, Kevin R"]
[Result "1-0"]
[WhiteElo "1290"]
[BlackElo "1239"]

1. b4 d5 2. Bb2 Nf6 3. e3 c6 4. Nf3 Bf5 5. c4 h6 6. Be2 e6 7. a3 Be7 8. O-O
O-O 9. d3 Nbd7 10. Nbd2 c5 11. b5 b6 12. Ne5 Nxe5 13. Bxe5 Bd6 14. Bxd6 Qxd6
15. Qb3 Rfd8 16. Rad1 Qc7 17. Bf3 Rab8 18. Rfe1 dxc4 19. Nxc4 Ng4 20. g3 Ne5
21. Nxe5 Qxe5 22. Re2 Qc7 23. Red2 Rd6 24. Qc3 Rbd8 25. d4 Kf8 26. e4 Bg6 27.
e5 R6d7 28. Bc6 Rxd4 29. Rxd4 cxd4 30. Rxd4 Rxd4 31. Qxd4 Qe7 32. Qd6 Qxd6 33.
exd6 Bd3 34. f4 f5 35. Kf2 Bc4 36. Ke3 Kf7 37. Kd4 Be2 38. Ke5 Bc4 39. Bd7 Bd5
40. Bc6 Bc4 41. h3 h5 42. Bf3 g6 43. g4 hxg4 44. hxg4 Bxb5 45. gxf5 exf5 46.
Bd5+ Ke8 47. Be6 Bd7 48. Kf6 a5 49. Bf7+ Kd8 50. Bxg6 b5 51. Bf7 b4 52. axb4
axb4 53. Bb3 Kc8 54. Ke7 Bb5 55. Be6+ Kb7 56. d7 Bxd7 57. Bxd7 b3 58. Bxf5
{#r} 1-0

[Event "ICA Sumr Classic (Reserve)"]
[Site "Boise, ID"]
[Date "2012.07.14"]
[Round "3.2"]
[White "Buus, Jarod"]
[Black "Blake, Lloyd"]
[Result "0-1"]
[WhiteElo "1050"]
[BlackElo "909"]

1. e4 d6 2. Nf3 e5 3. Nc3 Nf6 4. Bc4 h6 5. d3 Be7 6. Nd5 O-O 7. Nxe7+ Qxe7 8.
c3 Be6 9. Bb5 a6 10. Ba4 b5 11. Bc2 Nc6 12. h3 Rad8 13. d4 d5 14. Qe2 Nxe4 15.
Bxe4 dxe4 16. Qxe4 Bd5 17. Qe2 e4 18. Nd2 Rfe8 19. Nb3 Bc4 20. Qg4 Rd5 21.
Bxh6 g6 22. Nd2 Bd3 23. Be3 Bc2 24. h4 Rh5 25. Rh3 Kf8 26. Nb3 Bxb3 27. axb3
a5 28. Kd2 b4 29. Rah1 bxc3+ 30. bxc3 Qa3 31. Ke2 Qb2+ 32. Bd2 Qxb3 33. Re3
Qc4+ 34. Ke1 Rb8 35. Qd1 Rhb5 36. Rxe4 Rb1 37. Bc1 Qxc3+ 38. Ke2 Qc4+ 39. Kf3
R1b3+ 40. Re3 Nxd4+ 41. Kg3 Ne2+ 42. Kh2 Qf4+ 43. Rg3 Qe5 44. Re1 Rxg3 45.
fxg3 Qxg3+ 46. Kh1 Qxh4# 0-1

[Event "ICA Sumr Classic (Reserve)"]
[Site "Boise, ID"]
[Date "2012.07.14"]
[Round "3.3"]
[White "Chaney, Alethea Joy"]
[Black "Blake, Isaac R.R"]
[Result "1-0"]
[WhiteElo "1105"]
[BlackElo "779"]

1. e4 c6 2. Nc3 d5 3. exd5 cxd5 4. Nf3 Nf6 5. d4 Bf5 6. Bd3 Bxd3 7. Qxd3 Nc6
8. Bg5 e6 9. Bxf6 Qxf6 10. Nb5 Bb4+ 11. c3 Ba5 12. Nd6+ Ke7 13. Nxb7 Bb6 14.
O-O-O Rab8 15. Nc5 Bxc5 16. dxc5 e5 17. Qxd5 Rhd8 18. Qe4 Qf4+ 19. Qxf4 exf4
20. Rhe1+ Kf8 21. Rxd8+ Rxd8 22. Re4 Rd5 23. Rxf4 Rxc5 24. Nd4 Nb4 25. Ne6+
Ke7 26. Nxc5 Kd6 27. cxb4 {#r} 1-0

[Event "ICA Sumr Classic (Reserve)"]
[Site "Boise, ID"]
[Date "2012.07.15"]
[Round "4.1"]
[White "Blake, Lloyd"]
[Black "Gorman, Cody Austin"]
[Result "0-1"]
[WhiteElo "909"]
[BlackElo "1290"]

1. e4 a6 2. Nf3 b5 3. Be2 Bb7 4. d3 e6 5. Be3 Nf6 6. h3 c5 7. b3 d6 8. Nbd2
Nbd7 9. c4 g6 10. Rb1 Bg7 11. b4 Bc6 12. Qc2 Rc8 13. Qb3 O-O 14. O-O Qe7 15.
d4 Nxe4 16. d5 exd5 17. Nxe4 dxe4 18. Nd2 Rb8 19. Rbd1 bxc4 20. Bxc4 Rxb4 21.
Qa3 Bb5 22. Bxb5 axb5 23. Rb1 Ra4 24. Qb3 Rb8 25. Qd5 Qe6 26. Qxe6 fxe6 27.
Nxe4 Rb6 28. Nc3 Bxc3 {#R} 0-1

[Event "ICA Sumr Classic (Reserve)"]
[Site "Boise, ID"]
[Date "2012.07.15"]
[Round "4.2"]
[White "Patterson, Kevin R"]
[Black "Blake, Isaac R.R"]
[Result "1-0"]
[WhiteElo "1239"]
[BlackElo "779"]

1. e4 c6 2. d4 d5 3. exd5 cxd5 4. Nf3 Bf5 5. Bd3 e6 6. Bxf5 exf5 7. Nc3 Bb4 8.
Qe2+ Ne7 9. Bg5 Bxc3+ 10. bxc3 Nbc6 11. O-O O-O 12. Rfe1 Re8 13. Ne5 f6 14.
Nxc6 Nxc6 15. Qxe8+ Qxe8 16. Rxe8+ Rxe8 17. Bd2 g5 18. Rb1 Re2 19. Rd1 b5 20.
Kf1 Re4 21. Ra1 a5 22. a4 b4 23. f3 Rh4 24. Re1 bxc3 25. Bxc3 Kf7 26. Rb1 Rxh2
27. Rb6 Ne7 28. Bxa5 g4 29. Kf2 h5 30. Bb4 f4 31. Rb7 g3+ 32. Kg1 Ke8 33.
Rxe7+ Kd8 34. a5 Kc8 35. a6 Kb8 36. a7+ Ka8 37. Bc5 {#r} 1-0

[Event "ICA Sumr Classic (Reserve)"]
[Site "Boise, ID"]
[Date "2012.07.15"]
[Round "5.1"]
[White "Gorman, Cody Austin"]
[Black "Chaney, Alethea Joy"]
[Result "1-0"]
[WhiteElo "1290"]
[BlackElo "1105"]

1. b4 e5 2. Bb2 d6 3. e3 Nf6 4. c4 Bd7 5. d3 Be7 6. Nf3 a6 7. a4 b6 8. Be2 O-O
9. O-O h6 10. Nbd2 Bc6 11. Qc2 Nbd7 12. Rfd1 Bb7 13. h3 Qc8 14. Nf1 Nh7 15.
Ng3 Ndf6 16. d4 e4 17. Nd2 Qe6 18. d5 Qd7 19. Ndxe4 Nxe4 20. Nxe4 c5 21. b5
Rab8 22. Ng3 Nf6 23. Nf5 Bc8 24. Ng3 Qa7 25. f4 Nd7 26. Bf3 Bf6 27. Re1 Bxb2
28. Qxb2 Nf6 29. e4 Qe7 30. Re3 Re8 31. Rae1 Rf8 32. Qd2 Bb7 33. e5 dxe5 34.
fxe5 Ne8 35. Rd3 f5 36. d6 Qe6 37. Bd5 Bxd5 38. cxd5 Qd7 39. Rf3 a5 40. Ref1
Kh7 41. Nxf5 Rg8 42. Ne7 Rh8 43. Qd3+ g6 44. Qxg6# 1-0

[Event "ICA Sumr Classic (Reserve)"]
[Site "Boise, ID"]
[Date "2012.07.15"]
[Round "5.2"]
[White "Buus, Jarod"]
[Black "Patterson, Kevin R"]
[Result "1-0"]
[WhiteElo "1050"]
[BlackElo "1239"]

1. e4 c6 2. Nf3 d5 3. exd5 cxd5 4. d4 h6 5. Be2 Bf5 6. O-O e6 7. c3 Bd6 8. Qb3
Qc7 9. Ne5 Bxe5 10. dxe5 Ne7 11. Be3 b6 12. Nd2 Qxe5 13. Bb5+ Nbc6 14. Bd4 Qc7
15. Bxg7 Rg8 16. Bf6 Bh3 17. g3 Bxf1 18. Rxf1 a6 19. Bxe7 Kxe7 20. Bxc6 Qxc6
21. Nf3 Qc7 22. Re1 b5 23. Qxd5 Rad8 24. Qe4 Rd5 25. Qxd5 Qd7 26. Qe4 Ke8 27.
Qh4 Qd5 28. Nd4 h5 29. Qf4 Kf8 {#r} 1-0

[Event "ICA Sumr Classic (Reserve)"]
[Site "Boise, ID"]
[Date "2012.07.15"]
[Round "5.3"]
[White "Blake, Isaac R.R"]
[Black "Blake, Lloyd"]
[Result "0-1"]
[WhiteElo "779"]
[BlackElo "909"]

1. e4 d6 2. d4 Nf6 3. Nc3 g6 4. d5 Bg7 5. Nf3 O-O 6. Bd3 c5 7. Be3 b6 8. O-O
Ba6 9. a3 Bxd3 10. Qxd3 Ng4 11. b4 Nxe3 12. Qxe3 Nd7 13. Rab1 Ne5 14. Nxe5
Bxe5 15. f4 Bd4 16. Qxd4 cxd4 {#R} 0-1

[Event "ICA Summer Classic (Open)"]
[Site "Boise, ID"]
[Date "2013.08.17"]
[Round "1.1"]
[White "Lee, Conrad"]
[Black "Pupols, Viktors"]
[Result "0-1"]
[WhiteElo "1694"]
[BlackElo "2214"]
[EventRounds "5"]
[EventCountry "USA"]

1. d4 Nf6 2. Nf3 g6 3. Bf4 d6 4. h3 Bg7 5. Nbd2 Na6 6. Nb3 O-O 7. e3 b6 8. c3
c5 9. Bd3 Bb7 10. Qe2 Nc7 11. O-O Ne4 12. Nbd2 d5 13. Ng5 Nxd2 14. Qxd2 Ne8
15. Nf3 Nd6 16. Qe2 Rc8 17. Ba6 Rb8 18. Bxb7 Rxb7 19. Nh2 Qd7 20. Qg4 e6 21.
Rfe1 Rc8 22. Qf3 Ne4 23. Ng4 Qe7 24. Qe2 b5 25. Rec1 f5 26. Ne5 c4 27. f3 Nd6
28. Qf2 g5 29. Bg3 Bf6 30. Qe2 b4 31. f4 Ne4 32. Bh2 Bxe5 33. dxe5 bxc3 34.
bxc3 Rcb8 35. Qd1 Rb2 36. Rc2 Qc5 37. fxg5 Qxe3+ 38. Kh1 Nf2+ {#R} 0-1

[Event "ICA Summer Classic (Open)"]
[Site "Boise, ID"]
[Date "2013.08.17"]
[Round "1.2"]
[White "Kobernat, Alan E"]
[Black "Gorman, Cody Austin"]
[Result "1/2-1/2"]
[WhiteElo "2000"]
[BlackElo "1657"]
[EventRounds "5"]
[EventCountry "USA"]

1. Nf3 b6 2. g3 Bb7 3. Bg2 Nf6 4. O-O e6 5. c4 Be7 6. Nc3 O-O 7. b3 Ne4 8. Bb2
Nxc3 9. Bxc3 f5 10. Qc2 a5 11. Rad1 Na6 12. d4 Be4 13. Qb2 Bb4 14. a3 Bxc3 15.
Qxc3 Qe7 16. Ne5 Bxg2 17. Kxg2 Rad8 18. c5 Qe8 19. Qc4 Ra8 20. cxb6 d5 21. Qc6
Qxc6 22. Nxc6 cxb6 23. Rc1 Rf7 24. Rc2 Rc7 25. Rfc1 Kf8 26. Ne5 Rac8 27. Nd7+
Ke8 28. Rxc7 Rxc7 29. Rxc7 Nxc7 30. Nxb6 Nb5 31. e3 Nxa3 32. h4 Nc2 33. Na4
Ke7 34. Nc5 Nb4 35. Kf3 Nc6 36. Kf4 Nb4 37. f3 Nc6 38. Kg5 Kf7 39. h5 Kf8 40.
g4 fxg4 41. fxg4 Kf7 42. Kf4 Ke7 43. g5 Nb4 44. Ke5 Nc6+ 45. Kf4 {#d} 1/2-1/2

[Event "ICA Summer Classic (Open)"]
[Site "Boise, ID"]
[Date "2013.08.17"]
[Round "1.4"]
[White "Kircher, Caleb Paul"]
[Black "Lundy III, George W"]
[Result "1-0"]
[WhiteElo "1823"]
[BlackElo "1584"]
[EventRounds "5"]
[EventCountry "USA"]

1. e4 g6 2. d4 Bg7 3. Nf3 c5 4. c3 Nc6 5. d5 Ne5 6. Nxe5 Bxe5 7. g3 d6 8. Bg2
Bg7 9. O-O Nf6 10. f4 O-O 11. h3 b5 12. Be3 a5 13. g4 Nd7 14. Qc2 b4 15. Nd2
Nb6 16. Rad1 Bd7 17. c4 a4 18. Nf3 f6 19. a3 b3 20. Qe2 Qc8 21. Kh2 Qa6 22.
Rc1 Nxc4 23. Rxc4 Bb5 24. Rfc1 f5 25. e5 h6 26. Bf1 fxg4 27. hxg4 Qc8 28. Qg2
Bxc4 29. Bxc4 Qc7 30. e6 Qb7 31. Nh4 g5 32. fxg5 Be5+ 33. Kh1 hxg5 34. Nf5 Bf6
35. Qh2 {#r} 1-0